000 01124cam a2200313 i 4500
999 _c63684
_d63684
001 63684
003 Mx-PuUPA
005 20241121155349.0
008 151027s2015 sp a gr 001 0 spa d
020 _a9788490228944
040 _aMX-PuUPA
_bspa
_erda
_cMx-PuUPA
_dMx-PuUPA
041 1 _aspa
_heng
100 1 _aAbbas, Abul K.,
_eautor
_9637
240 1 0 _aCellular and molecular immunology.
_lEspañol
245 1 0 _aInmunología celular y molecular /
_cAbul K. Abbas, Andrew H. Lichtman, Shiv Pillai
250 _aOctava edición
264 1 _aEspaña :
_bElsevier España,
_c©2015
300 _avi, 537 páginas :
_bilustraciones (a color) ;
_c28 cm
336 _atexto
_2rdacontent
_btxt
337 _asin medio
_2rdamedia
_bn
338 _avolumen
_2rdacarrier
_bnc
650 4 _aInmunología
700 1 _aLichtman, Andrew H.
_eautor
_9638
700 1 _aPillai, Shiv,
_eautor
_9639
765 0 8 _aAbbas, Abul K.
_d[Lugar de publicación no identificado] : Saunders, ©2015
_tCellular and molecular immunology
942 _2ddc
_cLI
_h616.079
_iA122